Statistics for Fast Typing 1 to 500

Click here to take the quiz!

General Stats

  • This quiz has been taken 294 times
  • The average score is 246 of 500

Answer Stats

Number% Correct
1
100%
4
98%
5
98%
2
97%
3
97%
11
96%
6
96%
7
96%
9
96%
12
95%
8
95%
10
94%
13
92%
14
90%
15
90%
16
90%
18
90%
19
90%
23
90%
24
90%
25
90%
29
90%
21
89%
22
89%
26
89%
28
89%
31
89%
17
88%
20
88%
27
88%
33
88%
34
88%
41
88%
50
88%
51
88%
32
87%
40
87%
43
87%
30
86%
35
86%
36
86%
44
86%
48
86%
54
86%
37
85%
38
85%
39
85%
42
85%
45
85%
46
85%
49
85%
52
85%
56
85%
59
85%
61
85%
64
85%
76
85%
53
84%
57
84%
63
84%
66
84%
78
84%
83
84%
47
83%
65
83%
67
83%
71
83%
82
83%
55
82%
58
82%
62
82%
69
82%
72
82%
73
82%
75
82%
77
82%
79
82%
80
82%
84
82%
88
82%
60
81%
68
81%
74
81%
81
81%
87
81%
100
80%
70
80%
97
80%
98
80%
86
79%
89
79%
90
79%
91
79%
92
79%
94
79%
96
79%
99
79%
85
78%
93
78%
95
78%
111
77%
101
72%
102
71%
103
71%
104
71%
105
71%
106
71%
107
71%
110
71%
112
71%
113
71%
114
71%
115
71%
116
71%
117
71%
118
71%
119
71%
120
71%
121
71%
122
71%
123
71%
108
70%
109
70%
143
69%
124
68%
125
68%
126
68%
127
68%
130
68%
132
68%
134
68%
128
67%
129
67%
133
67%
140
67%
131
66%
135
66%
136
66%
137
66%
138
66%
144
66%
139
65%
142
65%
145
65%
146
65%
147
65%
151
65%
154
65%
141
64%
148
64%
149
63%
150
63%
152
63%
153
63%
155
63%
160
63%
162
63%
166
63%
170
63%
156
62%
157
62%
158
61%
159
61%
161
61%
163
61%
164
61%
165
61%
167
61%
169
61%
172
61%
176
61%
178
61%
168
60%
173
60%
174
60%
175
60%
180
60%
177
59%
179
59%
200
59%
171
58%
181
58%
182
58%
184
58%
185
58%
186
58%
187
58%
192
58%
222
58%
188
57%
189
57%
190
57%
191
57%
183
56%
193
56%
195
56%
196
56%
197
56%
198
56%
194
55%
199
55%
201
55%
203
55%
220
55%
202
54%
204
54%
205
54%
206
54%
207
54%
209
54%
210
54%
230
54%
208
53%
211
53%
212
53%
228
53%
231
53%
233
53%
213
52%
223
52%
226
52%
232
52%
214
51%
215
51%
216
51%
217
51%
221
51%
224
51%
225
51%
227
51%
229
51%
234
51%
240
50%
244
50%
218
49%
219
49%
235
49%
236
49%
238
49%
239
49%
242
49%
243
49%
245
49%
250
49%
241
48%
246
48%
247
48%
248
48%
237
47%
249
47%
252
47%
255
47%
300
47%
254
45%
256
45%
260
45%
257
44%
258
44%
262
44%
333
44%
251
43%
253
43%
259
43%
270
43%
280
43%
299
43%
265
42%
266
42%
267
42%
272
42%
261
41%
263
41%
264
41%
268
41%
273
41%
290
41%
293
41%
269
40%
274
40%
276
40%
279
40%
288
40%
271
39%
277
39%
278
39%
296
39%
311
39%
275
38%
281
38%
282
38%
283
38%
284
38%
285
38%
286
38%
287
38%
289
38%
291
38%
294
38%
295
38%
297
38%
298
38%
301
38%
304
38%
310
38%
312
38%
320
38%
321
38%
302
37%
308
37%
313
37%
322
37%
334
37%
292
36%
306
36%
307
36%
309
36%
303
35%
305
35%
318
35%
323
35%
324
35%
325
35%
314
34%
315
34%
316
34%
317
34%
319
34%
328
34%
330
34%
337
34%
344
34%
326
33%
327
33%
332
33%
335
33%
336
33%
340
33%
343
33%
345
33%
355
33%
329
32%
339
32%
341
32%
350
32%
500
32%
331
31%
338
31%
342
31%
346
31%
360
31%
400
31%
347
30%
348
30%
444
30%
349
29%
351
29%
352
29%
353
29%
354
29%
356
29%
357
29%
367
29%
499
29%
361
28%
366
28%
358
27%
359
27%
362
27%
363
27%
364
27%
365
27%
368
26%
369
26%
370
25%
374
25%
377
25%
378
25%
401
25%
454
25%
477
25%
371
24%
372
24%
379
24%
380
24%
388
24%
398
24%
399
24%
455
24%
375
23%
376
23%
402
23%
414
23%
443
23%
450
23%
456
23%
466
23%
381
22%
382
22%
384
22%
385
22%
387
22%
390
22%
393
22%
403
22%
404
22%
405
22%
406
22%
409
22%
411
22%
445
22%
478
22%
488
22%
489
22%
373
21%
383
21%
386
21%
389
21%
391
21%
392
21%
394
21%
395
21%
396
21%
397
21%
407
21%
408
21%
412
21%
413
21%
421
21%
422
21%
423
21%
425
21%
433
21%
434
21%
442
21%
446
21%
447
21%
448
21%
449
21%
457
21%
458
21%
459
21%
460
21%
464
21%
467
21%
469
21%
470
21%
473
21%
474
21%
475
21%
476
21%
480
21%
482
21%
487
21%
490
21%
497
21%
498
21%
420
20%
424
20%
429
20%
432
20%
437
20%
451
20%
452
20%
453
20%
461
20%
462
20%
468
20%
471
20%
472
20%
479
20%
481
20%
495
20%
496
20%
410
19%
415
19%
416
19%
417
19%
418
19%
419
19%
426
19%
427
19%
428
19%
430
19%
431
19%
435
19%
438
19%
440
19%
441
19%
463
19%
465
19%
491
19%
492
19%
493
19%
436
18%
439
18%
483
18%
485
18%
486
18%
484
17%
494
17%

Score Distribution

Percentile by Number Answered

Percent of People with Each Score

Your Score History

You have not taken this quiz